Report on survey of labour conditions in agricultural implements factories in India (Record no. 486794)

000 -LEADER
fixed length control field 00550cam a22001337a 4500
008 - FIXED-LENGTH DATA ELEMENTS--GENERAL INFORMATION
fixed length control field 180718b-- xxu||||| |||| 00| 0 eng d
082 ## - DEWEY DECIMAL CLASSIFICATION NUMBER
Classification number R6:Z71x54 In2
245 ## - TITLE STATEMENT
Title Report on survey of labour conditions in agricultural implements factories in India
Statement of responsibility, etc. by Labour Bureau, Ministry of Labour and Employment
260 ## - PUBLICATION, DISTRIBUTION, ETC.
Place of publication, distribution, etc. Delhi
Name of publisher, distributor, etc. The Controller of Publications
Date of publication, distribution, etc. --
500 ## - GENERAL NOTE
General note Library has 1964
650 ## - SUBJECT ADDED ENTRY--TOPICAL TERM
Topical term or geographic name entry element Work environment - India
650 ## - SUBJECT ADDED ENTRY--TOPICAL TERM
Topical term or geographic name entry element Agricultural implement industry - India
700 ## - ADDED ENTRY--PERSONAL NAME
Personal name India. Ministry of Labour and Employment. Labour Bureau
Holdings
Withdrawn status Lost status Damaged status Not for loan Permanent Location Current Location Date acquired Full call number Barcode Date last seen Price effective from Koha item type
        Indian Institute of Public Administration Indian Institute of Public Administration 2018-08-04 R6:Z71x54 In2 G6135 2018-08-04 2018-08-04 G
        Indian Institute of Public Administration Indian Institute of Public Administration 2018-08-04 R6:Z71x54 In2 GG32806 2018-08-04 2018-08-04 GG

Powered by Koha